Subnational Flags 5 - Statistics

General Stats
  • This quiz has been taken 128 times
  • The average score is 8 of 15
Answer Stats
Picture Hint Answer % Correct
United States California
100%
Denmark (Territory) Greenland
97%
United States (Territory) Puerto Rico
92%
UK (Territory) Isle of Man
83%
UK (Territory) Gibraltar
82%
France (Territory) New Caledonia
72%
Canada Newfoundland and Labrador
66%
Germany Saxony
42%
Italy Piedmont
35%
United States Connecticut
26%
France Occitanie
25%
Brazil Bahia
20%
India Karnataka
15%
Ethiopia Oromia
14%
Mexico Quintana Roo
14%
No matching quizzes found
Score Distribution
Percent of People with Each Score
Percentile by Number Answered
Your Score History
You have not taken this quiz